<?xml version="1.0" encoding="UTF-8"?>
<record
    xmlns:xsi="http://www.w3.org/2001/XMLSchema-instance"
    xsi:schemaLocation="http://www.loc.gov/MARC21/slim http://www.loc.gov/standards/marcxml/schema/MARC21slim.xsd"
    xmlns="http://www.loc.gov/MARC21/slim">

  <leader>01638nam a22002657a 4500</leader>
  <controlfield tag="003">Uzh_bibl</controlfield>
  <controlfield tag="008">260429b        |||||||| |||| 00| 0 ukr d</controlfield>
  <datafield tag="020" ind1=" " ind2=" ">
    <subfield code="c">1.80</subfield>
  </datafield>
  <datafield tag="040" ind1=" " ind2=" ">
    <subfield code="a">&#x443;&#x43A;&#x440;.</subfield>
  </datafield>
  <datafield tag="041" ind1=" " ind2=" ">
    <subfield code="2">ukr</subfield>
    <subfield code="a">ukr</subfield>
  </datafield>
  <datafield tag="080" ind1=" " ind2=" ">
    <subfield code="a">821(477)</subfield>
  </datafield>
  <datafield tag="090" ind1=" " ind2=" ">
    <subfield code="a">821(477)</subfield>
    <subfield code="b">&#x41C; 93</subfield>
  </datafield>
  <datafield tag="100" ind1=" " ind2=" ">
    <subfield code="a">&#x41C;&#x443;&#x448;&#x43A;&#x435;&#x442;&#x438;&#x43A;, &#x42E;&#x440;&#x456;&#x439; </subfield>
  </datafield>
  <datafield tag="245" ind1=" " ind2=" ">
    <subfield code="a">&#x416;&#x43E;&#x440;&#x441;&#x442;&#x43E;&#x43A;&#x435; &#x43C;&#x438;&#x43B;&#x43E;&#x441;&#x435;&#x440;&#x434;&#x44F;. &#x41C;&#x456;&#x441;&#x442; &#x447;&#x435;&#x440;&#x435;&#x437; &#x43D;&#x456;&#x447; </subfield>
    <subfield code="h">&#x422;&#x435;&#x43A;&#x441;&#x442;</subfield>
  </datafield>
  <datafield tag="260" ind1=" " ind2=" ">
    <subfield code="a">&#x41A;&#x438;&#x457;&#x432;</subfield>
    <subfield code="b">&#x414;&#x43D;&#x456;&#x43F;&#x440;&#x43E;</subfield>
    <subfield code="c">1983</subfield>
  </datafield>
  <datafield tag="300" ind1=" " ind2=" ">
    <subfield code="a">438 &#x441;.</subfield>
    <subfield code="f">&#x412; &#x43E;&#x43F;&#x440;.</subfield>
  </datafield>
  <datafield tag="490" ind1=" " ind2=" ">
    <subfield code="a">&#x421;&#x435;&#x440;&#x456;&#x44F; "&#x417;&#x432;&#x438;&#x442;&#x44F;&#x433;&#x430;"</subfield>
  </datafield>
  <datafield tag="520" ind1=" " ind2=" ">
    <subfield code="a">&#x41F;&#x43E;&#x434;&#x456;&#x457; &#x414;&#x440;&#x443;&#x433;&#x43E;&#x457; &#x441;&#x432;&#x456;&#x442;&#x43E;&#x432;&#x43E;&#x457; &#x432;&#x456;&#x439;&#x43D;&#x438; &#x43E;&#x436;&#x438;&#x432;&#x430;&#x44E;&#x442;&#x44C; &#x43D;&#x430; &#x441;&#x442;&#x43E;&#x440;&#x456;&#x43D;&#x43A;&#x430;&#x445; &#x440;&#x43E;&#x43C;&#x430;&#x43D;&#x443; &#x456; &#x43F;&#x43E;&#x432;&#x456;&#x441;&#x442;&#x456; &#x443;&#x43A;&#x440;&#x430;&#x457;&#x43D;&#x441;&#x44C;&#x43A;&#x43E;&#x433;&#x43E; &#x440;&#x430;&#x434;&#x44F;&#x43D;&#x441;&#x44C;&#x43A;&#x43E;&#x433;&#x43E; &#x43F;&#x438;&#x441;&#x44C;&#x43C;&#x435;&#x43D;&#x43D;&#x438;&#x43A;&#x430;. &#x412;&#x43E;&#x43D;&#x438; &#x43F;&#x440;&#x43E;&#x445;&#x43E;&#x434;&#x44F;&#x442;&#x44C; &#x43A;&#x440;&#x456;&#x437;&#x44C; &#x436;&#x438;&#x442;&#x442;&#x44F; &#x456; &#x441;&#x432;&#x456;&#x434;&#x43E;&#x43C;&#x456;&#x441;&#x442;&#x44C; &#x433;&#x435;&#x440;&#x43E;&#x457;&#x432; &#x442;&#x432;&#x43E;&#x440;&#x456;&#x432; &#x2014; &#x43B;&#x44E;&#x434;&#x435;&#x439; &#x43C;&#x443;&#x436;&#x43D;&#x456;&#x445;, &#x431;&#x435;&#x437;&#x441;&#x442;&#x440;&#x430;&#x448;&#x43D;&#x438;&#x445;, &#x432;&#x43E;&#x43B;&#x44C;&#x43E;&#x432;&#x438;&#x445;, &#x431;&#x43B;&#x430;&#x433;&#x43E;&#x440;&#x43E;&#x434;&#x43D;&#x438;&#x445; &#x456; &#x447;&#x435;&#x441;&#x43D;&#x438;&#x445;, &#x449;&#x43E; &#x437;&#x434;&#x430;&#x442;&#x43D;&#x456; &#x43F;&#x43E;&#x434;&#x43E;&#x43B;&#x430;&#x442;&#x438; &#x431;&#x443;&#x434;&#x44C;-&#x44F;&#x43A;&#x456; &#x43F;&#x435;&#x440;&#x435;&#x448;&#x43A;&#x43E;&#x434;&#x438; &#x43D;&#x430; &#x448;&#x43B;&#x44F;&#x445;&#x443; &#x434;&#x43E; &#x437;&#x432;&#x456;&#x43B;&#x44C;&#x43D;&#x435;&#x43D;&#x43D;&#x44F; &#x411;&#x430;&#x442;&#x44C;&#x43A;&#x456;&#x432;&#x449;&#x438;&#x43D;&#x438;, &#x434;&#x43E; &#x449;&#x430;&#x441;&#x442;&#x44F;.</subfield>
  </datafield>
  <datafield tag="521" ind1=" " ind2=" ">
    <subfield code="a">&#x414;&#x43B;&#x44F; &#x448;&#x438;&#x440;&#x43E;&#x43A;&#x43E;&#x433;&#x43E; &#x43A;&#x43E;&#x43B;&#x430; &#x447;&#x438;&#x442;&#x430;&#x447;&#x456;&#x432;</subfield>
  </datafield>
  <datafield tag="546" ind1=" " ind2=" ">
    <subfield code="a">&#x443;&#x43A;&#x440;.</subfield>
  </datafield>
  <datafield tag="650" ind1=" " ind2=" ">
    <subfield code="a">&#x41B;&#x456;&#x442;&#x435;&#x440;&#x430;&#x442;&#x443;&#x440;&#x43D;&#x43E;-&#x445;&#x443;&#x434;&#x43E;&#x436;&#x43D;&#x454; &#x432;&#x438;&#x434;&#x430;&#x43D;&#x43D;&#x44F;</subfield>
    <subfield code="y">&#x41F;&#x435;&#x440;&#x456;&#x43E;&#x434; &#x414;&#x440;&#x443;&#x433;&#x430; &#x441;&#x432;&#x456;&#x442;&#x43E;&#x432;&#x430; &#x432;&#x456;&#x439;&#x43D;&#x430; (1940-&#x432;&#x456; &#x440;&#x43E;&#x43A;&#x438;)</subfield>
    <subfield code="z">&#x423;&#x43A;&#x440;&#x430;&#x457;&#x43D;&#x430; &#x442;&#x430; &#x43E;&#x43A;&#x443;&#x43F;&#x43E;&#x432;&#x430;&#x43D;&#x456; &#x442;&#x435;&#x440;&#x438;&#x442;&#x43E;&#x440;&#x456;&#x457; &#x421;&#x420;&#x421;&#x420;</subfield>
  </datafield>
  <datafield tag="653" ind1=" " ind2=" ">
    <subfield code="a">&#x412;&#x456;&#x439;&#x43D;&#x430;</subfield>
    <subfield code="a">&#x413;&#x435;&#x440;&#x43E;&#x457;&#x437;&#x43C;</subfield>
    <subfield code="a">&#x41C;&#x443;&#x436;&#x43D;&#x456;&#x441;&#x442;&#x44C;</subfield>
    <subfield code="a">&#x411;&#x43E;&#x440;&#x43E;&#x442;&#x44C;&#x431;&#x430;</subfield>
    <subfield code="a">&#x421;&#x430;&#x43C;&#x43E;&#x43F;&#x43E;&#x436;&#x435;&#x440;&#x442;&#x432;&#x430;</subfield>
  </datafield>
  <datafield tag="655" ind1=" " ind2=" ">
    <subfield code="a">&#x420;&#x43E;&#x43C;&#x430;&#x43D; &#x456; &#x43F;&#x43E;&#x432;&#x456;&#x441;&#x442;&#x44C; (&#x432;&#x43E;&#x454;&#x43D;&#x43D;&#x43E;-&#x456;&#x441;&#x442;&#x43E;&#x440;&#x438;&#x447;&#x43D;&#x430; &#x43F;&#x440;&#x43E;&#x437;&#x430;)</subfield>
    <subfield code="v">&#x420;&#x43E;&#x43C;&#x430;&#x43D;. &#x41F;&#x43E;&#x432;&#x456;&#x441;&#x442;&#x44C;</subfield>
  </datafield>
  <datafield tag="942" ind1=" " ind2=" ">
    <subfield code="2">udc</subfield>
    <subfield code="c">BK</subfield>
  </datafield>
  <datafield tag="999" ind1=" " ind2=" ">
    <subfield code="c">17562</subfield>
    <subfield code="d">17562</subfield>
  </datafield>
  <datafield tag="952" ind1=" " ind2=" ">
    <subfield code="0">0</subfield>
    <subfield code="1">0</subfield>
    <subfield code="2">udc</subfield>
    <subfield code="4">0</subfield>
    <subfield code="7">0</subfield>
    <subfield code="a">CMB</subfield>
    <subfield code="b">CMB</subfield>
    <subfield code="c">AB</subfield>
    <subfield code="d">2026-04-29</subfield>
    <subfield code="i">17725</subfield>
    <subfield code="l">0</subfield>
    <subfield code="o">821(477)</subfield>
    <subfield code="p">20328</subfield>
    <subfield code="r">2026-04-29</subfield>
    <subfield code="w">2026-04-29</subfield>
    <subfield code="y">BK</subfield>
  </datafield>
</record>
